书目信息 |
| 题名: |
中国现代名家画谱:徐悲鸿
|
|
| 作者: | 徐悲鸿 , 徐悲鸿 绘€ | |
| 分册: | ||
| 出版信息: | 北京 人民美术出版社 1993.12 |
|
| 页数: | 91页 | |
| 开本: | 26cm | |
| 丛书名: | ||
| 单 册: | ||
| 中图分类: | J221.9 | |
| 科图分类: | ||
| 主题词: | 绘画--中国 | |
| 电子资源: | ||
| ISBN: | 7-102-01131-8 | |
| 000 | 00697nam0 2200217 45 | |
| 001 | 0004181574 | |
| 005 | 20040518090148.5 | |
| 010 | @a7-102-01131-8@dCNY20.00 | |
| 100 | @a20000418d1993 km y0chiy0120 ea | |
| 101 | @achi | |
| 105 | @a z 000yy | |
| 200 | 1 | @a中国现代名家画谱:徐悲鸿@AZhong Guo Xian Dai Ming Jia Hua Pu:Xu Bei Hong@f徐悲鸿绘;徐焕如著文@e动物 山水 人物@EDong Wu Shan Shui Ren Wu |
| 210 | @a北京@c人民美术出版社@d1993.12 | |
| 215 | @a91页@d26cm | |
| 517 | @a动物 山水 人物@ADong Wu Shan Shui Ren Wu | |
| 606 | 0 | @a绘画@y中国 |
| 690 | @aJ221.9@v1 | |
| 701 | @a徐悲鸿@4绘€@a徐焕如著文 | |
| 701 | 0 | @a徐悲鸿@4绘 |
| 801 | @aCN@bTSTC@c20000418 | |
| 905 | @dJ221.9@e134@f1@b287884 | |
| 中国现代名家画谱:徐悲鸿/徐悲鸿绘;徐焕如著文:动物 山水 人物.-北京:人民美术出版社,1993.12 |
| 91页;26cm |
| ISBN 7-102-01131-8:CNY20.00 |
| ● |
| 相关链接 |
|
|
|
|
正题名:中国现代名家画谱:徐悲鸿
索取号:J221.9/134
 
预约/预借
| 序号 | 登录号 | 条形码 | 馆藏地/架位号 | 状态 | 备注 |
| 1 | 0287884 | 002878844 | 第一借阅区/ [索取号:J221.9/134] | 在馆 | |
| 2 | 0287885 | 002878853 | 第一样本阅览室/ [索取号:J221.9/134] | 在馆 |